| 000 | 01021nam a22002777a 4500 | ||
|---|---|---|---|
| 005 | 2013011008308.0 | ||
| 008 | 130110t xxu||||| |||| 00| 0 eng d | ||
| 010 | _aENG-106530 | ||
| 020 |
_a9788121211499 _c690.00 |
||
| 035 | _aEN-90063 | ||
| 037 | _bDBAD/PUB | ||
| 040 |
_aDpl _bEng |
||
| 082 | _a320 | ||
| 100 | _916401 | ||
| 245 |
_aPublic policy and administration : _cedited by Ramesh Kumar Tiwari [and] Aasha Kapur Mehta _bformulation, implementation and evaluation / |
||
| 260 |
_aNew Delhi _bGyan Publishing House _c2012 |
||
| 270 |
_a23 Main Ansari Road, Darya Ganj _bNew Delhi _e110002 _k23282060,23261060 _mbooks@gyanbooksl.com _l011-23285914 |
||
| 300 |
_a275p. _c20cm(Hb) |
||
| 500 | _aincludes index | ||
| 650 | _916402 | ||
| 650 | _916404 | ||
| 700 |
_aTiwari, Ramesh Kumar, ed. _954702 |
||
| 700 |
_aMehta, Aasha Kapur, ed. _954703 |
||
| 942 |
_2ddc _cEN _mPUB _h320 |
||
| 999 |
_c72790 _d72790 |
||